[Event "2012(Zaozhuang-China) Asian Nations Chess Cup"]
[Site "ZaoZhuang, China"]
[Date "2012.05.26"]
[Round "9"]
[Board "1"]
[White "Ghaem Maghami, Ehsan"]
[Black "Jumabayev, Rinat"]
[Result "1-0"]
[WhiteElo "2578"]
[BlackElo "2556"]
[PlyCount "0"]
[EventDate "2012.05.17"]
[EventType "team"]
[EventRounds "9"]
[EventCountry "CHN"]
[WhiteTeam "Iran"]
[BlackTeam "Kazakhstan"]

1. c4 Nf6 2. Nc3 e6 3. e4 d5 4. e5 d4 5. exf6 dxc3 6. bxc3 Qxf6 7. d4 e5 8. Nf3
exd4 9. Bg5 Qe6+ 10. Be2 Be7 11. cxd4 Bxg5 12. Nxg5 Qf6 13. Ne4 Qe7 14. Nc3 Bg4
15. f3 Bf5 16. Nd5 Qd7 17. Qb3 b6 18. Qe3+ Be6 19. Nf4 O-O 20. O-O Re8 21. Qd2
Qd6 22. Rad1 Bf5 23. Nh5 Nc6 24. Ng3 Bg6 25. f4 f6 26. d5 Na5 27. Qd4 Nb7 28.
Bg4 Bf7 29. Ne4 Qe7 30. Rfe1 Nd6 31. Bf3 Rad8 32. Re2 Nf5 33. Qf2 Qb4 34. Rc1
Nd6 35. Qe1 Qxe1+ 36. Rexe1 Nf5 37. Nc3 Nd4 38. Kf2 Kf8 39. Be4 Bg6 40. Rcd1
Nc2 41. f5 Bxf5 42. Bxf5 Nxe1 43. Rxe1 Rxe1 44. Kxe1 g6 45. Be6 a6 46. Kd2 Ke7
47. Ke3 Kd6 48. Ne4+ Ke5 49. Nd2 c6 50. g4 b5 51. g5 fxg5 52. Nf3+ Kf6 53. Nd4
cxd5 54. cxd5 h5 55. Ke4 g4 56. Nc6 Re8 57. Ne5 g5 58. Nd7+ Kg6 59. Kd4 a5 60.
Nc5 Kf6 61. Ne4+ Kg6 62. d6 b4 63. d7 Rd8 64. Kc5 Rb8 65. Nd6 Rd8 66. Nb7 Rf8
67. Nxa5 1-0

[Event "2012(Zaozhuang-China) Asian Nations Chess Cup"]
[Site "ZaoZhuang, China"]
[Date "2012.05.26"]
[Round "9"]
[Board "2"]
[White "Ismagambetov, Anuar"]
[Black "Seyedjavad, Alavimoghaddam"]
[Result "1/2-1/2"]
[WhiteElo "2478"]
[BlackElo "2441"]
[PlyCount "0"]
[EventDate "2012.05.17"]
[EventType "team"]
[EventRounds "9"]
[EventCountry "CHN"]
[WhiteTeam "Kazakhstan"]
[BlackTeam "Iran"]

1. d4 Nf6 2. c4 e6 3. Nf3 d5 4. g3 dxc4 5. Bg2 a6 6. O-O Nc6 7. Nc3 Rb8 8. e3
b5 9. Qe2 Be7 10. Rd1 O-O 11. e4 Bb7 12. Bf4 Nb4 13. Ne1 Re8 14. g4 h6 15. h4
Nh7 16. h5 Bg5 17. Bh2 Bf6 18. Qd2 e5 19. d5 c5 20. a3 Nd3 21. Nxd3 cxd3 22.
Qxd3 Qd6 23. Ne2 Bc8 24. f3 Bd7 25. Kh1 Rec8 26. Qd2 b4 27. Rdc1 a5 28. axb4
axb4 29. b3 Bb5 30. Qb2 Nf8 31. Ng3 Nd7 32. Nf5 Qb6 33. Bg1 Bg5 34. Rd1 g6 35.
f4 Bxf4 36. Ne7+ Kh7 37. Nxc8 Rxc8 38. Bf1 gxh5 39. gxh5 Rg8 40. Bh2 Rg5 41.
Bxf4 exf4 42. Qh2 Ne5 43. Bh3 Qf6 44. Bf5+ Rxf5 45. exf5 Qxf5 46. Rf1 Qe4+ 47.
Qg2 f3 48. Qg3 Be2 49. Rf2 Ng4 50. d6 Nxf2+ 51. Qxf2 Qe5 52. Ra7 Qxh5+ 53. Qh2
Qd5 54. Qf2 c4 55. bxc4 Bxc4 56. d7 b3 57. Kh2 b2 58. Qc2+ Bd3 59. Qxb2 Qd6+
60. Kh1 Be4 61. Qf2 Qd1+ 62. Kh2 Qd6+ 63. Kg1 Qd1+ 64. Kh2 Qd6+ 65. Kg1 Qd1+
66. Kh2 Qd6+ 1/2-1/2

[Event "2012(Zaozhuang-China) Asian Nations Chess Cup"]
[Site "ZaoZhuang, China"]
[Date "2012.05.26"]
[Round "9"]
[Board "3"]
[White "Puria, Darini"]
[Black "Khusnutdinov, Rustam"]
[Result "1-0"]
[WhiteElo "2491"]
[BlackElo "2509"]
[PlyCount "0"]
[EventDate "2012.05.17"]
[EventType "team"]
[EventRounds "9"]
[EventCountry "CHN"]
[WhiteTeam "Iran"]
[BlackTeam "Kazakhstan"]

1. e4 c5 2. Nf3 d6 3. d4 cxd4 4. Nxd4 Nf6 5. Nc3 g6 6. Be3 Bg7 7. f3 O-O 8. Qd2
Nc6 9. Bc4 Bd7 10. O-O-O Rb8 11. Bb3 Na5 12. Bh6 Bxh6 13. Qxh6 b5 14. g4 b4 15.
Nd5 Nxb3+ 16. Nxb3 Nxd5 17. exd5 Rb6 18. h4 e5 19. Nd2 Ra6 20. Ne4 f5 21. Ng5
Qe7 22. h5 Rf6 23. hxg6 Rxg6 24. Qxh7+ Qxh7 25. Nxh7 Rxa2 26. Kb1 Ra5 27. g5
Bb5 28. Nf6+ Kf7 29. Rh7+ Rg7 30. Rg1 Kg6 31. Rxg7+ Kxg7 32. g6 Bc4 33. Ne8+
Kh6 34. b3 Bxd5 35. g7 1-0

[Event "2012(Zaozhuang-China) Asian Nations Chess Cup"]
[Site "ZaoZhuang, China"]
[Date "2012.05.26"]
[Round "9"]
[Board "4"]
[White "Kuderinov, Kirill"]
[Black "Mahjoob, Morteza"]
[Result "0-1"]
[WhiteElo "2493"]
[BlackElo "2424"]
[PlyCount "0"]
[EventDate "2012.05.17"]
[EventType "team"]
[EventRounds "9"]
[EventCountry "CHN"]
[WhiteTeam "Kazakhstan"]
[BlackTeam "Iran"]

1. d4 Nf6 2. c4 e6 3. Nf3 d5 4. g3 Bb4+ 5. Bd2 Be7 6. Bg2 c6 7. O-O Nbd7 8. Qc2
b6 9. cxd5 cxd5 10. Nc3 Bb7 11. Rfc1 O-O 12. a4 a6 13. a5 b5 14. Na2 Ne4 15.
Be1 Bd6 16. Nb4 Rc8 17. Qd1 Rxc1 18. Qxc1 Qe7 19. Nd3 Rc8 20. Qd1 Nb8 21. Rc1
Rxc1 22. Qxc1 b4 23. e3 Nc6 24. Qa1 Qc7 25. Bf1 Qxa5 26. Qxa5 Nxa5 27. Nxb4
Bxb4 28. Bxb4 Nc6 29. Be1 f6 30. Nd2 Nxd2 31. Bxd2 Kf7 32. Bd3 h6 33. g4 e5 34.
dxe5 Nxe5 35. Be2 d4 36. h3 d3 37. Bd1 Bf3 38. Bb3+ Ke7 39. Ba5 Kd6 40. Bb4+
Kc6 41. Ba4+ Kb6 42. Bb3 Kb5 43. Bc3 Kc5 44. Be6 Bd5 45. f4 d2 46. b4+ Kc4 47.
Bxd2 Nf3+ 48. Kf2 Nxd2 49. Bc8 Ne4+ 50. Ke2 Kb5 51. Kd3 Nd6 0-1

[Event "2012(Zaozhuang-China) Asian Nations Chess Cup"]
[Site "ZaoZhuang, China"]
[Date "2012.05.26"]
[Round "9"]
[Board "2"]
[White "Goh, Wei Ming Kevin"]
[Black "Ali, Yahya Saleh"]
[Result "1-0"]
[WhiteElo "2426"]
[BlackElo "2256"]
[PlyCount "0"]
[EventDate "2012.05.17"]
[EventType "team"]
[EventRounds "9"]
[EventCountry "CHN"]
[WhiteTeam "Singapore"]
[BlackTeam "Yemen"]

1. e4 e5 2. Nf3 Nc6 3. Bc4 Be7 4. d4 d6 5. dxe5 dxe5 6. Qxd8+ Bxd8 7. Nc3 Nf6
8. Be3 Bg4 9. O-O-O Be7 10. h3 Be6 11. Bxe6 fxe6 12. Ng5 Nd8 13. Nb5 Rc8 14.
Nxa7 Ra8 15. Nb5 Rc8 16. a3 h6 17. Nf3 Nc6 18. Nd2 Kf7 19. f3 Rhd8 20. Nc4 Ne8
21. Rxd8 Rxd8 22. Nc3 Nd6 23. Nxd6+ Rxd6 24. Rd1 Rxd1+ 25. Kxd1 Na5 26. Ke2 Nc4
27. Nd1 Ke8 28. Kd3 Na5 29. b4 Nc6 30. Nf2 Nd8 31. c4 Kd7 32. Bd2 Bh4 33. Ng4
Bg3 34. Bc3 Nf7 35. Ne3 h5 36. c5 Nh8 37. Nf1 Bf4 38. g3 Bc1 39. Bxe5 Bxa3 40.
Bxg7 Ng6 41. Bc3 h4 42. gxh4 Nxh4 43. Ke2 Bc1 44. Nd2 Kc6 45. Nb3 Bf4 46. Bf6
Ng2 47. Nd4+ Kd7 48. Kf2 Ne3 49. h4 Nd1+ 50. Ke2 Nc3+ 51. Kd3 Nd1 52. h5 Nf2+
53. Kc4 Nh3 54. Bg7 Ke7 55. h6 Ng5 56. Ne2 Bd2 57. f4 Nh7 58. b5 Kd7 59. f5
exf5 60. exf5 Bg5 61. Nd4 c6 62. Ne6 Be7 63. Be5 Ke8 64. Kb4 Kd7 65. Ka5 cxb5
66. Kxb5 Bh4 67. Kb6 Kc8 68. Bd6 Nf6 69. Nf8 Nd5+ 70. Kb5 Ne3 71. h7 Bf6 72.
Be7 Bh8 73. f6 Nd5 74. Ng6 1-0

[Event "2012(Zaozhuang-China) Asian Nations Chess Cup"]
[Site "ZaoZhuang, China"]
[Date "2012.05.26"]
[Round "9"]
[Board "3"]
[White "Abdulla, Omar"]
[Black "Chan, Yi Ren Daniel"]
[Result "0-1"]
[WhiteElo "2035"]
[BlackElo "2333"]
[PlyCount "0"]
[EventDate "2012.05.17"]
[EventType "team"]
[EventRounds "9"]
[EventCountry "CHN"]
[WhiteTeam "Yemen"]
[BlackTeam "Singapore"]

1. d4 Nf6 2. c4 d6 3. Nc3 e5 4. dxe5 dxe5 5. Qxd8+ Kxd8 6. e4 c6 7. Bg5 Nbd7 8.
Nf3 Kc7 9. a3 Bd6 10. h3 a5 11. Be2 Nc5 12. Nd2 Ne6 13. Be3 Nd4 14. Bd1 Nd7 15.
O-O f6 16. Nb3 Nxb3 17. Bxb3 Bc5 18. Bxc5 Nxc5 19. Bc2 a4 20. Nd1 Be6 21. Ne3
Rhd8 22. Rad1 Rd4 23. Rfe1 Rad8 24. f3 Bxc4 25. Nxc4 Rxc4 26. Rxd8 Kxd8 27. Bb1
Rd4 28. Kf2 Rd2+ 29. Re2 Nd3+ 30. Bxd3 Rxd3 31. Rc2 Kc7 32. Ke2 Rd7 33. h4 b5
34. g3 Kb6 35. f4 c5 36. h5 c4 37. fxe5 fxe5 38. Kf3 Kc5 39. Kg4 b4 40. Kf5 b3
41. Rg2 Rb7 42. Rg1 c3 43. bxc3 b2 44. Rb1 Kc4 45. Kxe5 Kxc3 46. Kd6 Kc2 0-1

[Event "2012(Zaozhuang-China) Asian Nations Chess Cup"]
[Site "ZaoZhuang, China"]
[Date "2012.05.26"]
[Round "9"]
[Board "4"]
[White "Chan, Peng Kong"]
[Black "Salman, Saleh"]
[Result "1/2-1/2"]
[WhiteElo "2252"]
[BlackElo "2010"]
[PlyCount "0"]
[EventDate "2012.05.17"]
[EventType "team"]
[EventRounds "9"]
[EventCountry "CHN"]
[WhiteTeam "Singapore"]
[BlackTeam "Yemen"]

1. d4 d5 2. c4 e6 3. Nf3 Nf6 4. g3 c6 5. Qc2 Be7 6. Bg2 O-O 7. O-O Nbd7 8. b3
b6 9. Bb2 Bb7 10. Nc3 Rc8 11. e4 dxe4 12. Nxe4 Nxe4 13. Qxe4 Nf6 14. Qc2 Qc7
15. Rad1 Rfd8 16. Qe2 c5 17. dxc5 Qxc5 18. Ne5 Bxg2 19. Kxg2 Qc7 20. Qf3 Bd6
21. Rfe1 Ne8 22. Ng4 Qc6 23. Rd3 Qxf3+ 24. Kxf3 Bc7 25. Red1 Rxd3+ 26. Rxd3 Rd8
27. Ke2 Rxd3 28. Kxd3 f6 29. Ne3 Kf7 30. b4 Ke7 31. Bd4 Kd6 32. a4 Kc6 33. h4
1/2-1/2

[Event "2012(Zaozhuang-China) Asian Nations Chess Cup"]
[Site "ZaoZhuang, China"]
[Date "2012.05.26"]
[Round "9"]
[Board "2"]
[White "Hamdani, Rudin"]
[Black "Lee, Sanghoon"]
[Result "1-0"]
[WhiteElo "2322"]
[BlackElo "2137"]
[PlyCount "0"]
[EventDate "2012.05.17"]
[EventType "team"]
[EventRounds "9"]
[EventCountry "CHN"]
[WhiteTeam "Indonesia"]
[BlackTeam "Korea"]

1. d4 Nf6 2. c4 g6 3. f3 d5 4. cxd5 Nxd5 5. e4 Nb6 6. Be3 Bg7 7. Nc3 O-O 8. a4
a5 9. Rc1 Nc6 10. Nb5 Bd7 11. Ne2 Nb4 12. Nec3 Bxb5 13. Bxb5 c6 14. Be2 e6 15.
O-O Nd7 16. Qd2 Qe7 17. Rfd1 Rfd8 18. Bf1 Nc5 19. Bc4 Bxd4 20. Bxd4 e5 21. Qe3
exd4 22. Rxd4 Rxd4 23. Qxd4 Rd8 24. Qe3 Ncd3 25. Bxd3 Rxd3 26. Qf4 Kg7 27. h4
Qc5+ 28. Kh2 Qd4 29. h5 gxh5 30. Qg5+ Kf8 31. Ne2 Qd6+ 32. Nf4 h6 33. Qf5 Rd2
34. e5 Qd7 35. Qf6 Kg8 36. Nxh5 Kf8 37. Qxh6+ Ke7 38. Qg5+ Kf8 39. Nf6 Qd8 40.
Rc4 Rd5 41. Rh4 1-0

[Event "2012(Zaozhuang-China) Asian Nations Chess Cup"]
[Site "ZaoZhuang, China"]
[Date "2012.05.26"]
[Round "9"]
[Board "3"]
[White "Chogdov, Munkhbat"]
[Black "Muhammad, Luthfi Ali"]
[Result "1-0"]
[WhiteElo "2245"]
[BlackElo "2027"]
[PlyCount "0"]
[EventDate "2012.05.17"]
[EventType "team"]
[EventRounds "9"]
[EventCountry "CHN"]
[WhiteTeam "Korea"]
[BlackTeam "Indonesia"]

1. c4 Nf6 2. Nc3 g6 3. g3 Bg7 4. Bg2 O-O 5. Nf3 d6 6. O-O Nc6 7. d3 e5 8. a3 a5
9. Rb1 h6 10. b4 axb4 11. axb4 Be6 12. b5 Ne7 13. Qc2 Qc8 14. Rd1 Nd7 15. Be3
f5 16. Rdc1 f4 17. Bd2 Nc5 18. Ra1 Rxa1 19. Rxa1 e4 20. dxe4 fxg3 21. hxg3 Bxc4
22. Ra3 Kh7 23. Be3 Qe6 24. Nd4 Qf7 25. Bf3 Ne6 26. Nxe6 Qxe6 27. Ra7 Bxc3 28.
Qxc3 Rb8 29. Bc1 Bxb5 30. Bb2 Qf7 31. Rxb7 1-0